[Event "Stader SV-SV Welper 1922"]
[Site "DVM U14 in Arendsee"]
[Date "2009.12.30"]
[Round "7.2"]
[White "Vogt, Marc Jonas"]
[Black "Schaller, Fabian"]
[Result "1/2-1/2"]
[WhiteElo "1544"]
[BlackElo "1515"]
[PlyCount "74"]
[EventDate "2009.??.??"]
[WhiteTeam "Stader SV"]
[BlackTeam "SV Welper 1922"]

1. e4 {[%emt 0:00:00]} e6 2. d4 d5 3. Nc3 Nf6 4. e5 Nfd7 5. f4 c5 6. Nf3 Nc6 7.
Be3 Qb6 8. Qd2 cxd4 9. Nxd4 Nxd4 10. Bxd4 Bc5 11. Na4 Qc7 12. Nxc5 Nxc5 13. Qc3
Na6 14. Qxc7 Nxc7 15. Bd3 b6 16. a4 Ba6 17. a5 Bxd3 18. cxd3 Kd7 19. axb6 axb6
20. Kd2 Kc6 21. Rhc1+ Kb7 22. b3 Rhc8 23. Ra4 Ra7 24. Rb4 Ra6 25. Ra1 Rca8 26.
Rxa6 Rxa6 27. Ra4 Rxa4 28. bxa4 Kc6 29. g4 g6 30. Ke3 Na6 31. Kd2 Nc5 32. Bxc5
bxc5 33. Kc2 Kb6 34. Kb3 Ka5 35. g5 Ka6 36. Kc3 Kb6 37. Kc2 Ka6 1/2-1/2

[Event "Stader SV-SV Welper 1922"]
[Site "DVM U14 in Arendsee"]
[Date "2009.12.30"]
[Round "7.3"]
[White "Marx, Patrick"]
[Black "Schwarz, Nico"]
[Result "1/2-1/2"]
[WhiteElo "1374"]
[BlackElo "1341"]
[PlyCount "82"]
[EventDate "2009.??.??"]
[WhiteTeam "SV Welper 1922"]
[BlackTeam "Stader SV"]

1. d4 d5 2. Nf3 Nf6 3. Bf4 Bf5 4. e3 e6 5. Bd3 Bd6 6. Bxd6 cxd6 7. Bxf5 exf5 8.
O-O O-O 9. c3 Re8 10. Nbd2 Nbd7 11. Qb3 Qb6 12. Qxb6 Nxb6 13. Rac1 Rac8 14. b3
Rc7 15. Rc2 Ne4 16. Nxe4 fxe4 17. Nd2 Rec8 18. Rfc1 f5 19. Kf1 Nd7 20. Ke1 b5
21. Kd1 Nb6 22. Nf1 g6 23. Ng3 Kf7 24. Ne2 Nd7 25. Nf4 Nf6 26. h3 h6 27. Ne2 g5
28. Kd2 h5 29. Rg1 Rg8 30. Rcc1 Ke6 31. Rcf1 Rcg7 32. a4 bxa4 33. bxa4 Rb7 34.
Rb1 Rgb8 35. Kc2 Nd7 36. Rxb7 Rxb7 37. Ra1 a5 38. Ng3 h4 39. Ne2 Nb6 40. Ra2
Nc4 41. Kc1 Rb8 1/2-1/2

[Event "Stader SV-SV Welper 1922"]
[Site "DVM U14 in Arendsee"]
[Date "2009.12.30"]
[Round "7.4"]
[White "Vöge, Tobias"]
[Black "Krummsdorf, Sven"]
[Result "1-0"]
[WhiteElo "1488"]
[BlackElo "1538"]
[PlyCount "145"]
[EventDate "2009.??.??"]
[WhiteTeam "Stader SV"]
[BlackTeam "SV Welper 1922"]

1. d4 d5 2. c4 e6 3. Nf3 c6 4. g3 Bd6 5. Bg2 f5 6. O-O Nf6 7. e3 O-O 8. Nbd2
Nbd7 9. b3 b6 10. Bb2 Ne4 11. Ne5 Qc7 12. f4 Ba6 13. a4 Rf6 14. Ba3 Bxa3 15.
Rxa3 Rh6 16. Ndf3 Ndf6 17. Ng5 Qe7 18. Ra1 Rf8 19. Nxc6 Qe8 20. Ne5 Nd6 21. Qc2
Ng4 22. Nxg4 fxg4 23. Rfe1 Qh5 24. Bf1 Rc8 25. Qg2 Bb7 26. cxd5 exd5 27. h3
gxh3 28. Qxh3 Qg6 29. Qg2 Re8 30. Rac1 Re7 31. Rc3 Qe8 32. Rec1 Nf5 33. Qf3 Rg6
34. Bb5 Qd8 35. Qh5 Rh6 36. Qf3 Rd6 37. Bd3 Rf6 38. Bxf5 Rxf5 39. g4 Rf8 40.
Qh3 h6 41. Nf3 Qe8 42. Ne5 Rf6 43. Rc7 Ba6 44. Qf3 Rd6 45. Rxe7 Qxe7 46. Rc6
Bb7 47. Rxd6 Qxd6 48. g5 a5 49. Qh5 Kh7 50. gxh6 Qxh6 51. Qf5+ g6 52. Qd7+ Qg7
53. Qxg7+ Kxg7 54. Nd7 Kf7 55. Ne5+ Kf6 56. Kf2 g5 57. Kf3 Kf5 58. fxg5 Kxg5
59. Nd7 Bc8 60. Nxb6 Bg4+ 61. Kf2 Bd1 62. Nxd5 Bxb3 63. Nc3 Kg4 64. Ke2 Bc4+
65. Kd2 Kf5 66. e4+ Kf4 67. d5 Ke5 68. Ke3 Bb3 69. Kd3 Kd6 70. Kd4 Bc2 71. e5+
Kd7 72. Kc5 Kc7 73. Kb5 1-0

[Event "SC Einheit Bautzen-SG Grün-Weiß Baumschu"]
[Site "DVM U14 in Arendsee"]
[Date "2009.12.30"]
[Round "7.2"]
[White "Hase, Albert"]
[Black "Kümpfel, Max"]
[Result "1/2-1/2"]
[WhiteElo "1564"]
[BlackElo "1542"]
[PlyCount "128"]
[EventDate "2009.??.??"]
[WhiteTeam "SC Einheit Bautzen"]
[BlackTeam "SG Grün-Weiß Baumschulenweg"]

1. d4 Nf6 2. c4 c5 3. d5 b5 4. Qc2 bxc4 5. e4 d6 6. Bxc4 g6 7. Nc3 Bg7 8. Nge2
O-O 9. O-O Nbd7 10. Ng3 Ne5 11. Be2 Bb7 12. f4 Ned7 13. Bb5 Qc7 14. Bd2 Nb6 15.
Na4 Rfc8 16. Ba5 Rab8 17. Ne2 e6 18. dxe6 fxe6 19. Nec3 Ng4 20. Qe2 Bd4+ 21.
Kh1 Nf6 22. Bc4 d5 23. exd5 Bxd5 24. Bxd5 exd5 25. Qe6+ Qf7 26. Qxf7+ Kxf7 27.
Bxb6 axb6 28. Nb5 Rc6 29. Nxd4 cxd4 30. Rac1 Rc4 31. b3 Rb4 32. Nb2 Ra8 33. Nd3
Rb5 34. Rc2 Ne4 35. f5 Nc3 36. fxg6+ Kxg6 37. Nf4+ Kh6 38. Ne6 Rxa2 39. g4 Kg6
40. h4 h6 41. h5+ Kh7 42. Rf7+ Kh8 43. Rxa2 Nxa2 44. Nxd4 Rb4 45. Rf4 Nc1 46.
Ne6 Rxf4 47. Nxf4 d4 48. Nd5 d3 49. Kg2 d2 50. Ne3 Nxb3 51. Kf2 Nd4 52. Nd1 Kg7
53. Ke3 Nb3 54. Kd3 Kf6 55. Kc3 Nc5 56. Kxd2 Ke5 57. Ke3 b5 58. Nb2 b4 59. Nc4+
Kf6 60. Kd4 Nb3+ 61. Kd3 Kg5 62. Ne5 Kf6 63. Nf3 Na5 64. Nd4 b3 1/2-1/2

[Event "SC Einheit Bautzen-SG Grün-Weiß Baumschu"]
[Site "DVM U14 in Arendsee"]
[Date "2009.12.30"]
[Round "7.3"]
[White "Spilke, Paul"]
[Black "Vu Tuan, Minh"]
[Result "1-0"]
[WhiteElo "1589"]
[BlackElo "1399"]
[PlyCount "47"]
[EventDate "2009.??.??"]
[WhiteTeam "SG Grün-Weiß Baumschulenweg"]
[BlackTeam "SC Einheit Bautzen"]

1. d4 {[%emt 0:00:00]} d5 {[%emt 0:00:00]} 2. Nf3 c5 3. e3 Nf6 4. c3 e6 5. Bd3
Nc6 6. Nbd2 c4 7. Bc2 Bd6 8. e4 O-O 9. e5 Be7 10. exf6 Bxf6 11. O-O Re8 12. Re1
Bd7 13. Nf1 Qc7 14. Bg5 Bxg5 15. Nxg5 h6 16. Nf3 Rad8 17. Qd2 e5 18. dxe5 Nxe5
19. Nxe5 Rxe5 20. Rxe5 Qxe5 21. Re1 Qd6 22. Qd4 b6 23. Ng3 g6 24. Ne4 1-0

[Event "SC Einheit Bautzen-SG Grün-Weiß Baumschu"]
[Site "DVM U14 in Arendsee"]
[Date "2009.12.30"]
[Round "7.4"]
[White "Röpke, Markus"]
[Black "Siegemund, Georg"]
[Result "0-1"]
[WhiteElo "1210"]
[BlackElo "1482"]
[PlyCount "72"]
[EventDate "2009.??.??"]
[WhiteTeam "SC Einheit Bautzen"]
[BlackTeam "SG Grün-Weiß Baumschulenweg"]

1. e4 {[%emt 0:00:00]} c5 2. Nf3 d6 3. d4 cxd4 4. Nxd4 Nf6 5. Nc3 g6 6. Be3 Bg7
7. f3 O-O 8. Qd2 Bd7 9. O-O-O Nc6 10. Kb1 Rc8 11. g4 Ne5 12. h4 h5 13. gxh5
Nxh5 14. Be2 Nc4 15. Bxc4 Rxc4 16. Rhg1 Qc7 17. f4 e6 18. f5 exf5 19. exf5 Rxd4
20. Bxd4 Bxd4 21. Qxd4 Bxf5 22. Qd5 Kh7 23. Ne4 Rc8 24. Ng5+ Kg8 25. Ka1 Qd7
26. a3 Rxc2 27. Rc1 Rxc1+ 28. Rxc1 Qe7 29. b3 Nf4 30. Qa5 b6 31. Qb5 d5 32. b4
Ne2 33. Re1 Qf6+ 34. Ka2 Nc3+ 35. Kb3 Nxb5 36. Re8+ Kg7 0-1

[Event "SG Grün-Weiß Dresden-Treptower SV 1949"]
[Site "DVM U14 in Arendsee"]
[Date "2009.12.30"]
[Round "7.1"]
[White "Pixa, Richard"]
[Black "Schnoor, Friedrich"]
[Result "0-1"]
[WhiteElo "1671"]
[BlackElo "1598"]
[PlyCount "66"]
[EventDate "2009.??.??"]
[WhiteTeam "Treptower SV 1949"]
[BlackTeam "SG Grün-Weiß Dresden"]

1. e4 {[%emt 0:00:00]} c5 2. Nf3 d6 3. d4 cxd4 4. Nxd4 Nf6 5. Nc3 a6 6. g3 e6
7. Bg2 Be7 8. O-O Qc7 9. Be3 Nc6 10. Qd2 Bd7 11. f4 Rc8 12. Rad1 Na5 13. Nde2
b5 14. a3 Nc4 15. Qc1 Qa5 16. Rd3 h5 17. h3 Bc6 18. f5 b4 19. axb4 Qxb4 20.
fxe6 fxe6 21. b3 Ne5 22. Rd4 Qb7 23. Bf4 Nf7 24. Be3 Ne5 25. Nf4 Bd7 26. Qb2
Qc7 27. Nfe2 h4 28. g4 d5 29. Rdd1 Bc5 30. Bf2 Nexg4 31. hxg4 Nxg4 32. Ng3 Qxg3
33. Bxc5 Qh2# 0-1

[Event "SG Grün-Weiß Dresden-Treptower SV 1949"]
[Site "DVM U14 in Arendsee"]
[Date "2009.12.30"]
[Round "7.2"]
[White "Schrell, Konrad"]
[Black "Döring, André Patrick"]
[Result "1/2-1/2"]
[WhiteElo "1539"]
[BlackElo "1554"]
[PlyCount "55"]
[EventDate "2009.??.??"]
[WhiteTeam "SG Grün-Weiß Dresden"]
[BlackTeam "Treptower SV 1949"]

1. e4 d5 2. exd5 Qxd5 3. Nc3 Qd6 4. d4 Nf6 5. Bc4 a6 6. Nf3 b5 7. Bb3 Nbd7 8.
O-O e6 9. Re1 Be7 10. d5 Nc5 11. dxe6 Nxe6 12. Qxd6 cxd6 13. Bd5 Rb8 14. Be3
Bd7 15. Bb3 O-O 16. Rad1 Rfd8 17. Nd5 Nxd5 18. Bxd5 Rbc8 19. c3 Bc6 20. Bxc6
Rxc6 21. Nd4 Nxd4 22. Bxd4 Bf8 23. Re3 Rb8 24. g3 h6 25. Kg2 a5 26. Rde1 Rcc8
27. R1e2 Ra8 28. Rd3 1/2-1/2

[Event "SG Grün-Weiß Dresden-Treptower SV 1949"]
[Site "DVM U14 in Arendsee"]
[Date "2009.12.30"]
[Round "7.3"]
[White "Tran, Khoa Anh Le"]
[Black "Lang, Sebastian"]
[Result "1/2-1/2"]
[WhiteElo "1481"]
[BlackElo "1182"]
[PlyCount "77"]
[EventDate "2009.??.??"]
[WhiteTeam "Treptower SV 1949"]
[BlackTeam "SG Grün-Weiß Dresden"]

1. e4 {[%emt 0:00:00]} e6 2. d4 d5 3. exd5 exd5 4. Bd3 Bd6 5. Nf3 Ne7 6. O-O
O-O 7. c3 c6 8. Bg5 f6 9. Bh4 Bg4 10. Nbd2 Bh5 11. Bg3 Bg6 12. Bxg6 Nxg6 13.
Bxd6 Qxd6 14. Qb3 Qc7 15. Rfe1 Nd7 16. Re3 Rae8 17. Rae1 Rxe3 18. Rxe3 Kf7 19.
c4 Nb6 20. c5 Nd7 21. Ne4 Kg8 22. Nc3 Rf7 23. Qc2 Re7 24. Nd1 Qa5 25. a3 b6 26.
Rxe7 Nxe7 27. Qe2 Kf7 28. cxb6 Nxb6 29. Nh4 Qa4 30. g3 Qxd4 31. Nf3 Qe4 32.
Qxe4 dxe4 33. Nd2 f5 34. f3 exf3 35. Nxf3 Kf6 36. Kf2 h6 37. Ke3 Ned5+ 38. Kd4
Ke6 39. b4 1/2-1/2

[Event "SG Grün-Weiß Dresden-Treptower SV 1949"]
[Site "DVM U14 in Arendsee"]
[Date "2009.12.30"]
[Round "7.4"]
[White "Lorenz, Wenzel"]
[Black "Heldt, Ronny"]
[Result "1/2-1/2"]
[WhiteElo "1128"]
[BlackElo "1365"]
[PlyCount "53"]
[EventDate "2009.??.??"]
[WhiteTeam "SG Grün-Weiß Dresden"]
[BlackTeam "Treptower SV 1949"]

1. e4 {[%emt 0:00:00]} e6 2. d4 d5 3. e5 c5 4. c3 a6 5. Nf3 Bd7 6. Na3 Nc6 7.
Be2 Be7 8. O-O f6 9. exf6 Nxf6 10. Bg5 O-O 11. Ne5 cxd4 12. Nxc6 bxc6 13. cxd4
h6 14. Bh4 Ne4 15. Bxe7 Qxe7 16. Bf3 Nd6 17. Re1 Nf5 18. Nc2 Qg5 19. Qc1 Nh4
20. Qxg5 Nxf3+ 21. gxf3 hxg5 22. Re3 Rf4 23. Kg2 Raf8 24. Rf1 g4 25. fxg4 Rxg4+
26. Rg3 Rgf4 27. Ra3 1/2-1/2

[Event "SV Balingen-SC Eppingen"]
[Site "DVM U14 in Arendsee"]
[Date "2009.12.30"]
[Round "7.2"]
[White "Gomer, Dieter"]
[Black "Hahn, Cedric"]
[Result "0-1"]
[WhiteElo "1249"]
[BlackElo "1387"]
[PlyCount "94"]
[EventDate "2009.??.??"]
[WhiteTeam "SV Balingen"]
[BlackTeam "SC Eppingen"]

1. d4 e6 2. c4 d5 3. Nc3 Nf6 4. Nf3 c6 5. Bf4 Bd6 6. Bxd6 Qxd6 7. e3 O-O 8. Bd3
Nbd7 9. O-O a6 10. e4 dxe4 11. Bxe4 Nxe4 12. Nxe4 Qe7 13. Re1 Nf6 14. Ng3 b5
15. cxb5 cxb5 16. Qd2 Bb7 17. Nf5 Qd8 18. Qg5 exf5 19. Nh4 Ne4 20. Qxd8 Raxd8
21. Rad1 g6 22. f3 Nd6 23. f4 Rfe8 24. g3 Rxe1+ 25. Rxe1 Nc4 26. b3 Nd2 27. Re7
Be4 28. Ra7 Rxd4 29. Rxa6 Nb1 30. Rb6 Nc3 31. Ra6 Rd2 32. a4 bxa4 33. bxa4 Ra2
34. a5 Na4 35. Ra7 Nc5 36. h3 Kg7 37. g4 fxg4 38. hxg4 Nb3 39. a6 Nc5 40. Re7
Rxa6 41. Re5 Rc6 42. f5 Bc2 43. g5 gxf5 44. Nxf5+ Bxf5 45. Rxf5 Ne4 46. Re5 Re6
47. Rb5 Kg6 0-1

[Event "SV Balingen-SC Eppingen"]
[Site "DVM U14 in Arendsee"]
[Date "2009.12.30"]
[Round "7.3"]
[White "Essig, Philipp"]
[Black "Ilitsch, Marc"]
[Result "0-1"]
[WhiteElo "1049"]
[BlackElo "1171"]
[PlyCount "120"]
[EventDate "2009.??.??"]
[WhiteTeam "SC Eppingen"]
[BlackTeam "SV Balingen"]

1. e4 e5 2. Nf3 Nc6 3. Bb5 d6 4. Nc3 Nf6 5. d3 Be7 6. O-O Bg4 7. Bg5 O-O 8.
Bxc6 bxc6 9. h3 Bh5 10. d4 Nd7 11. Bxe7 Qxe7 12. Qd3 Bxf3 13. Qxf3 exd4 14. Ne2
Ne5 15. Qg3 Nc4 16. Qd3 Nxb2 17. Qxd4 Qe5 18. Rab1 Qxd4 19. Nxd4 Nc4 20. Rfd1
Rfe8 21. f3 Na5 22. g4 Rab8 23. Kg2 c5 24. Nb5 Rb7 25. a4 Reb8 26. Nc3 Nc4 27.
Rxb7 Rxb7 28. Kf2 Na3 29. e5 Nc4 30. Nb5 Kf8 31. exd6 cxd6 32. Nxd6 Rd7 33.
Nxc4 Rxd1 34. Ne3 Ra1 35. Nc4 Rxa4 36. Ne3 Ra2 37. Ke2 Ke7 38. Kd3 Ke6 39. Nc4
Ra1 40. h4 g6 41. h5 gxh5 42. gxh5 Rh1 43. Ne3 Rxh5 44. Ng2 Kd6 45. c3 a5 46.
Ne3 Rh3 47. Nc4+ Kd5 48. Nd2 a4 49. Ke3 a3 50. Nb3 Kc4 51. Nc1 Rh1 52. Nd3 Kxc3
53. Nxc5 a2 54. Ne4+ Kb4 55. Nf2 a1=Q 56. Nxh1 Qxh1 57. Kf4 Kc4 58. Kf5 Qxf3+
59. Kg5 h6+ 60. Kh4 Qg2 0-1